00585nam a2200205 a 450000100060000000300090000600800410001502000150005604000280007108200170009910000310011624500500014726000380019730000100023549000190024550000390026465000250030365000290032865000220035717785CO-ViMGA141112s2004 ck r 000 u spa d a8432981486 aCO-ViMGAbspacCO-ViMGA04a747.93 W379a1 aWetzel - Maesmanns, Sigrid10aAdornos aromáticos para celebrar la navidad aBarcelona (España).Ceac, c1995 a31.p. aHobby creativo aCon patrones a tamaño natural. 14aARREGLOS NAVIDEÑOS14aDECORACION DE INTERIORES14aTRABAJOS MANUALES